Cero defectos (Record no. 78734)

MARC details
000 -LEADER
campo de control de longitud fija 00608nam a2200193 i 4500
001 - NÚMERO DE CONTROL
campo de control 78734
003 - IDENTIFICADOR DE NÚMERO DE CONTROL
campo de control ES-MaACL
005 - FECHA Y HORA DE LA ÚLTIMA TRANSACCIÓN
campo de control 20230906173810.0
007 - CAMPO FIJO DE DESCRIPCIÓN FÍSICA--INFORMACIÓN GENERAL
campo de control de longitud fija t|
008 - DATOS DE LONGITUD FIJA--INFORMACIÓN GENERAL
campo de control de longitud fija 041015s1970 sp a |||| | spa d
100 1# - ENTRADA PRINCIPAL--NOMBRE DE PERSONA
Nombre de persona Halpin, James F.
9 (RLIN) 61627
245 10 - MENCIÓN DEL TÍTULO
Título Cero defectos
Resto del título : una nueva dimensión en la garantía de calidad /
Mención de responsabilidad, etc. James F. Halpin ; [traducida por Pedro Rimblas Verdejo].
250 ## - MENCION DE EDICION
Mención de edición 1ª ed.
260 ## - PUBLICACIÓN, DISTRIBUCIÓN, ETC.
Lugar de publicación, distribución, etc. Barcelona :
Nombre del editor, distribuidor, etc. Ceac,
Fecha de publicación, distribución, etc. 1970.
300 ## - DESCRIPCIÓN FÍSICA
Extensión 259 p. :
Otras características físicas il. ;
Dimensiones 23 cm.
650 #4 - PUNTO DE ACCESO ADICIONAL DE MATERIA--TÉRMINO DE MATERIA
Término de materia o nombre geográfico como elemento de entrada Control de calidad.
9 (RLIN) 146137
700 1# - ENTRADA AGREGADA--NOMBRE PERSONAL
Nombre de persona Rimblas Verdejo, Pedro.
9 (RLIN) 97243
852 ## - LOCALIZACIÓN
Ubicación ES-MaACL
Número de control de estantería C-44475
Holdings
Estatus retirado Estado de pérdida Estado de daño No para préstamo Biblioteca de origen Biblioteca actual Ubicación en estantería Fecha de adquisición Fuente de adquisición Total de préstamos Signatura topográfica completa Código de barras Visto por última vez Precio de reemplazo Tipo de ítem Koha
        Biblioteca del Ateneo de Madrid Biblioteca del Ateneo de Madrid Depósito 2 17/01/2008     C-44475 1082345 23/02/2023 23/02/2023 Libro impreso